[Event "Pardubice Czech op-A 25th"]
[Site "Pardubice"]
[Date "2014.07.26"]
[Round "9"]
[White "Pischikov, Vadim"]
[Black "Nguyen, Thai Dai Van"]
[Result "1/2-1/2"]
[WhiteElo "2130"]
[BlackElo "2261"]
[PlyCount "112"]
[EventDate "2014.07.18"]
[EventType "swiss"]
[EventRounds "9"]
[EventCountry "CZE"]
[SourceTitle "CBM 161 Extra"]
[Source "ChessBase"]
[SourceDate "2014.08.29"]
[SourceVersion "1"]
[SourceVersionDate "2014.08.29"]
[SourceQuality "1"]

1. d4 Nf6 2. c4 g6 3. Nc3 d5 4. Nf3 Bg7 5. Qb3 dxc4 6. Qxc4 0-0 7. e4 Nc6 8. Bf4 Nh5 9. Be3 Bg4 10. Rd1 Bxf3 11. gxf3 e5 12. dxe5 Qh4 13. Bg2 Nxe5 14. Qe2 c6 15. 0-0 Nf4 16. Bxf4 Qxf4 17. Rfe1 h5 18. Nb1 Rfe8 19. Qe3 Qxe3 20. fxe3 Rad8 21. Rxd8 Rxd8 22. b3 Bf8 23. f4 Ng4 24. Bf3 Nxe3 25. Kf2 Bc5 26. Kg3 Rd3 27. Rc1 Bb6 28. Rc3 Rxc3 29. Nxc3 Nf1+ 30. Kh3 Nd2 31. Bg2 Bd4 32. Ne2 Bf2 33. e5 Kf8 34. Nc3 Be3 35. Kg3 Ke7 36. Ne4 Nxe4+ 37. Bxe4 Ke6 38. Kf3 Bc1 39. Bd3 Ke7 40. h3 Bd2 41. Ke4 f5+ 42. exf6+ Kxf6 43. Be2 Bc1 44. a4 Bd2 45. Bc4 a6 46. Bd3 b5 47. axb5 axb5 48. Be2 Bc1 49. Bf3 Ke6 50. Kd4 Bxf4 51. Bxc6 b4 52. Ke4 Bd2 53. Bd5+ Kf6 54. Kf3 Kf5 55. Be4+ Kf6 56. Bd5 g5 1/2-1/2

[Event "Pardubice Czech op-A 25th"]
[Site "Pardubice"]
[Date "2014.07.19"]
[Round "2"]
[White "Westerberg, Jonathan"]
[Black "Pischikov, Vadim"]
[Result "1/2-1/2"]
[WhiteElo "2412"]
[BlackElo "2130"]
[PlyCount "163"]
[EventDate "2014.07.18"]
[EventType "swiss"]
[EventRounds "9"]
[EventCountry "CZE"]
[SourceTitle "CBM 161 Extra"]
[Source "ChessBase"]
[SourceDate "2014.08.29"]
[SourceVersion "1"]
[SourceVersionDate "2014.08.29"]
[SourceQuality "1"]

1. e4 e5 2. Nf3 Nc6 3. Bc4 Be7 4. d4 d6 5. dxe5 dxe5 6. Qxd8+ Bxd8 7. Nc3 a6 8. Be3 Be6 9. Bxe6 fxe6 10. 0-0-0 Be7 11. Nb1 Nf6 12. Ng5 Nd8 13. f3 Nd7 14. Nh3 Nf7 15. Nd2 Bc5 16. Bxc5 Nxc5 17. Nc4 b6 18. Nf2 Ke7 19. Ng4 Nd7 20. Rd2 Rhd8 21. Rhd1 h5 22. Nf2 Nc5 23. Rxd8 Rxd8 24. Rxd8 Kxd8 25. b4 Nd7 26. Nd3 g5 27. Kd2 Ke7 28. Ke3 Kf6 29. Nd2 Nd6 30. c4 c5 31. bxc5 bxc5 32. Nb2 Nb6 33. Kd3 Ke7 34. Kc3 Nb7 35. Nb3 Kd6 36. Kd3 a5 37. a3 Nd7 38. Na4 Nb8 39. Nc3 Nc6 40. Nb5+ Kd7 41. g3 Nd4 42. Nd2 Kc6 43. Nc3 Nd6 44. Nd1 Ne8 45. Ne3 Kd6 46. Ng2 Nf6 47. h4 g4 48. f4 Nd7 49. Nf1 Ke7 50. Nfe3 Kf6 51. Nd1 Nf3 52. Nb2 Nd4 53. Na4 Nf3 54. Ke3 Nd4 55. fxe5+ Nxe5 56. Nxc5 Nc2+ 57. Ke2 Nxa3 58. Nf4 Naxc4 59. Nxh5+ Kf7 60. Nf4 Nd6 61. Ke3 Nec4+ 62. Kd3 Ne5+ 63. Kd4 Nf3+ 64. Ke3 e5 65. Ng2 Ne8 66. Kd3 Nf6 67. Ne3 Nh5 68. Nf5 Kf6 69. Ke3 Kg6 70. Kf2 Nd2 71. Ke3 Nf3 72. Kd3 Kf6 73. Kc4 Kg6 74. Kd5 a4 75. Nxa4 Nf6+ 76. Ke6 Nxe4 77. Ne3 Nh2 78. Kxe5 Nxg3 79. Nxg4 Nxg4+ 80. Kf4 Nf5 81. Kxg4 Nxh4 82. Kxh4 1/2-1/2

[Event "Pardubice op rap 25th"]
[Site "Pardubice"]
[Date "2014.07.17"]
[Round "8"]
[White "Joukl, Zdenek"]
[Black "Pischikov, Vadim"]
[Result "1-0"]
[WhiteElo "2062"]
[BlackElo "2130"]
[PlyCount "85"]
[EventDate "2014.07.16"]
[EventType "swiss (rapid)"]
[EventRounds "9"]
[EventCountry "CZE"]
[SourceTitle "EXT 2015"]
[Source "ChessBase"]
[SourceDate "2014.11.20"]
[SourceVersion "1"]
[SourceVersionDate "2014.11.20"]
[SourceQuality "1"]

1. d4 d5 2. Nf3 Nf6 3. Bf4 c5 4. e3 Nc6 5. Nc3 Bf5 6. Be2 e6 7. Ne5 Be7 8. g4 Bg6 9. h4 Be4 10. f3 Nxe5 11. dxe5 Nxg4 12. 0-0 Bxh4 13. fxg4 Bg6 14. Bb5+ Kf8 15. Bd3 c4 16. Bxg6 hxg6 17. Qf3 f5 18. exf6 gxf6 19. Nb5 Rc8 20. Nd4 Qe7 21. g5 f5 22. Qg2 e5 23. Qxd5 exf4 24. Ne6+ Ke8 25. exf4 Rc6 26. Rae1 Bxe1 27. Rxe1 Rd6 28. Nc7+ Kd8 29. Rxe7 Rxd5 30. Nxd5 c3 31. bxc3 Rh3 32. Rxb7 a5 33. Ra7 Kc8 34. Rg7 Rh8 35. Rxg6 Rd8 36. c4 Re8 37. Kf2 Re4 38. Rc6+ Kb7 39. Rc7+ Kb8 40. g6 Re8 41. g7 a4 42. Rf7 a3 43. Rf8 1-0

[Event "Pardubice op rap 25th"]
[Site "Pardubice"]
[Date "2014.07.16"]
[Round "1"]
[White "Pischikov, Vadim"]
[Black "Dolezal, Radoslav"]
[Result "0-1"]
[WhiteElo "2130"]
[BlackElo "2368"]
[PlyCount "110"]
[EventDate "2014.07.16"]
[EventType "swiss (rapid)"]
[EventRounds "9"]
[EventCountry "CZE"]
[SourceTitle "EXT 2015"]
[Source "ChessBase"]
[SourceDate "2014.11.20"]
[SourceVersion "1"]
[SourceVersionDate "2014.11.20"]
[SourceQuality "1"]

1. d4 Nf6 2. c4 e6 3. Nc3 Bb4 4. e3 0-0 5. Bd3 Bxc3+ 6. bxc3 d6 7. Ne2 e5 8. Ng3 Re8 9. Qc2 c5 10. d5 Nbd7 11. 0-0 Nf8 12. Bd2 Ng6 13. Rae1 Qe7 14. f3 Bd7 15. h3 Kh8 16. Kh2 Rab8 17. Rb1 Qd8 18. Rfe1 Qa5 19. Nf5 Bxf5 20. Bxf5 Re7 21. Bd3 e4 22. Bf1 Qd8 23. f4 Nh4 24. Red1 Nf5 25. Qc1 h5 26. Be1 Re8 27. g3 g6 28. Qd2 Kg7 29. Be2 Rh8 30. Kg2 Qd7 31. Bf2 Rbe8 32. Rh1 Nh6 33. Qd1 Reg8 34. Qc2 Re8 35. Qb2 Re7 36. Rbg1 Qa4 37. Qb3 Qd7 38. Qb1 Qa4 39. Kf1 Qa5 40. Be1 Nf5 41. Kf2 h4 42. g4 Ng3 43. Rxg3 hxg3+ 44. Kxg3 Ne8 45. h4 f6 46. Kg2 Kf8 47. g5 f5 48. h5 gxh5 49. Rxh5 Reh7 50. Rxh7 Rxh7 51. Bd2 Qc7 52. Qd1 Qg7 53. Be1 Qh8 54. Bf2 Rh2+ 55. Kf1 Qh3+ 0-1

[Event "Pardubice op rap 25th"]
[Site "Pardubice"]
[Date "2014.07.16"]
[Round "2"]
[White "Vachtfeidl, Petr"]
[Black "Pischikov, Vadim"]
[Result "1-0"]
[WhiteElo "1996"]
[BlackElo "2130"]
[PlyCount "73"]
[EventDate "2014.07.16"]
[EventType "swiss (rapid)"]
[EventRounds "9"]
[EventCountry "CZE"]
[SourceTitle "EXT 2015"]
[Source "ChessBase"]
[SourceDate "2014.11.20"]
[SourceVersion "1"]
[SourceVersionDate "2014.11.20"]
[SourceQuality "1"]

1. e4 e5 2. Nf3 Nc6 3. Bb5 a6 4. Ba4 Nge7 5. c3 g6 6. d4 exd4 7. cxd4 b5 8. Bb3 Bg7 9. 0-0 0-0 10. Nc3 d6 11. h3 Bb7 12. Re1 Na5 13. Bc2 c5 14. d5 b4 15. Na4 Re8 16. Bg5 h6 17. Bf4 Nc4 18. Rb1 Rb8 19. Bd3 Na5 20. b3 Rc8 21. Qe2 Nxd5 22. Bd2 Nc3 23. Nxc3 bxc3 24. Bf4 d5 25. e5 d4 26. b4 Bxf3 27. Qxf3 cxb4 28. Rxb4 Nc6 29. Rb7 Ne7 30. e6 Qd5 31. Qxd5 Nxd5 32. exf7+ Kh7 33. fxe8Q Rxe8 34. Rxe8 Nxf4 35. Ree7 h5 36. Rxg7+ Kh6 37. h4 1-0

[Event "EU-ch rapid"]
[Site "Warsaw"]
[Date "2013.12.14"]
[Round "3"]
[White "Pischikov, Vadim"]
[Black "Socko, Monika"]
[Result "0-1"]
[WhiteElo "2148"]
[BlackElo "2440"]
[PlyCount "128"]
[EventDate "2013.12.14"]
[EventType "swiss (rapid)"]
[EventRounds "11"]
[EventCountry "POL"]
[SourceTitle "CBM 157 Extra"]
[Source "ChessBase"]
[SourceDate "2013.12.19"]
[SourceVersion "1"]
[SourceVersionDate "2013.12.19"]
[SourceQuality "1"]

1. d4 Nf6 2. c4 e6 3. Nc3 Bb4 4. e3 d5 5. Bd3 e5 6. dxe5 dxc4 7. Be2 Qxd1+ 8. Bxd1 Nfd7 9. Nf3 Nc6 10. Ba4 0-0 11. Bxc6 bxc6 12. Bd2 Re8 13. Ke2 Nxe5 14. Nxe5 Rxe5 15. Rhd1 Bf5 16. f3 Bd3+ 17. Kf2 Rae8 18. Re1 f5 19. g3 g5 20. h3 R5e6 21. Rac1 Kf7 22. f4 gxf4 23. exf4 Rb8 24. Rxe6 Kxe6 25. Re1+ Kf6 26. Bc1 h5 27. h4 Bc5+ 28. Kf3 Bd4 29. Be3 Bxe3 30. Kxe3 Rxb2 31. Kd4 Rg2 32. Re3 a5 33. a4 Kf7 34. Nd1 Ra2 35. Nc3 Rg2 36. Nd1 Be4 37. Nc3 Bd3 38. Nd1 Kf6 39. Nc3 Rg1 40. Re8 Rxg3 41. Rh8 Bf1 42. Rh6+ Ke7 43. Rxc6 Kd7 44. Rc5 Rf3 45. Rxf5 c6 46. Rxa5 Rxf4+ 47. Kc5 Rxh4 48. Ra7+ Ke6 49. Kxc6 Rh3 50. Nb5 c3 51. Nd4+ Ke5 52. Kc5 c2 53. Nxc2 Rc3+ 54. Kb6 Rxc2 55. Rh7 Be2 56. a5 Rb2+ 57. Ka7 Kf4 58. Rf7+ Kg3 59. Rg7+ Kh3 60. Rg6 h4 61. a6 Ra2 62. Kb7 Rxa6 63. Rg7 Rf6 64. Kc7 Bg4 0-1

[Event "Chigorin Memorial 20th"]
[Site "St Petersburg"]
[Date "2012.10.29"]
[Round "3"]
[White "Zenzera, Alexey"]
[Black "Pischikov, Vadim"]
[Result "1-0"]
[WhiteElo "2361"]
[BlackElo "2143"]
[PlyCount "83"]
[EventDate "2012.10.27"]
[EventType "swiss"]
[EventRounds "9"]
[EventCountry "RUS"]
[SourceTitle "EXT 2013"]
[Source "ChessBase"]
[SourceDate "2012.11.22"]
[SourceVersion "1"]
[SourceVersionDate "2012.11.22"]
[SourceQuality "1"]

1. Nf3 Nf6 2. c4 e6 3. g3 b6 4. Bg2 Bb7 5. 0-0 Be7 6. Re1 0-0 7. Nc3 c5 8. e4 d6 9. d4 cxd4 10. Nxd4 Qc8 11. Be3 a6 12. Rc1 Nbd7 13. f4 Qc7 14. g4 Nc5 15. Bf2 Nxg4 16. Qxg4 Nd3 17. Bf1 Nxc1 18. Rxc1 Qd7 19. f5 e5 20. Nc2 g6 21. Ne3 Kh8 22. Rd1 gxf5 23. Qxf5 Qd8 24. Qh3 Rg8+ 25. Kh1 Bg5 26. Nf5 Rg6 27. Nd5 Bc8 28. Nxb6 Bxf5 29. exf5 Rh6 30. Qf3 Rb8 31. c5 Bf4 32. h3 Qf6 33. c6 Qxf5 34. c7 Rg8 35. c8Q Rxc8 36. Nxc8 Qxc8 37. b4 Qf5 38. Be3 Rh4 39. Rxd6 e4 40. Bd4+ f6 41. Rxf6 Kg8 42. Rxf5 1-0

[Event "Chigorin Memorial 20th"]
[Site "St Petersburg"]
[Date "2012.10.28"]
[Round "2"]
[White "Pischikov, Vadim"]
[Black "Ustich, Ekaterina"]
[Result "1-0"]
[WhiteElo "2143"]
[BlackElo "1857"]
[PlyCount "83"]
[EventDate "2012.10.27"]
[EventType "swiss"]
[EventRounds "9"]
[EventCountry "RUS"]
[SourceTitle "EXT 2013"]
[Source "ChessBase"]
[SourceDate "2012.11.22"]
[SourceVersion "1"]
[SourceVersionDate "2012.11.22"]
[SourceQuality "1"]

1. d4 Nf6 2. c4 e6 3. Nc3 Bb4 4. e3 b6 5. Bd3 Bb7 6. f3 Bxc3+ 7. bxc3 d6 8. Ne2 0-0 9. 0-0 Nc6 10. e4 Ba6 11. Ng3 Na5 12. Qe2 Nd7 13. f4 f6 14. Rf3 Rf7 15. f5 e5 16. Nh5 Nf8 17. Rg3 Kh8 18. Qg4 Qd7 19. Bh6 g6 20. dxe5 dxe5 21. Rd1 Qe7 22. Bxf8 Raxf8 23. fxg6 hxg6 24. Qxg6 Bc8 25. Rf1 Be6 26. Nxf6 Rxf6 27. Rxf6 Rxf6 28. Qh5+ Qh7 29. Qe8+ Bg8 30. Rh3 Qxh3 31. gxh3 Re6 32. Qh5+ Kg7 33. Kf2 Re7 34. Qg5+ Kf8 35. Qh6+ Rg7 36. c5 Bxa2 37. cxb6 axb6 38. Ke3 Kg8 39. Qf6 Bc4 40. Qxe5 Bb3 41. Qe8+ Kh7 42. e5+ 1-0

[Event "St Petersburg Botvinnik Memorial op"]
[Site "St Petersburg"]
[Date "2012.08.31"]
[Round "7"]
[White "Klukin, Kirill"]
[Black "Pischikov, Vadim"]
[Result "1/2-1/2"]
[WhiteElo "2025"]
[BlackElo "2158"]
[PlyCount "103"]
[EventDate "2012.08.25"]
[EventType "swiss"]
[EventRounds "9"]
[EventCountry "RUS"]
[SourceTitle "CBM 150 Extra"]
[Source "ChessBase"]
[SourceDate "2012.10.19"]
[SourceVersion "1"]
[SourceVersionDate "2012.10.19"]
[SourceQuality "1"]

1. d4 Nf6 2. c4 c5 3. d5 e5 4. Nc3 d6 5. e4 Nbd7 6. g3 g6 7. Bg2 Bg7 8. Nge2 0-0 9. 0-0 Ne8 10. Qc2 f5 11. f4 Nb6 12. fxe5 dxe5 13. b3 Nd6 14. Be3 Nd7 15. Rab1 b6 16. a3 Nf6 17. Bg5 Qe8 18. Bxf6 Bxf6 19. Rbe1 Bg5 20. Qd3 Bd7 21. a4 Qe7 22. exf5 gxf5 23. Nb5 Bxb5 24. axb5 Qg7 25. Kh1 a6 26. bxa6 Rxa6 27. Nc3 e4 28. Qc2 Qe5 29. g4 e3 30. gxf5 Ra3 31. Nb5 Nxb5 32. cxb5 Rf6 33. h3 Ra7 34. Qe4 Qxe4 35. Bxe4 Kf7 36. Re2 Re7 37. Bd3 Re5 38. Rg1 Bh6 39. Rg4 Ke7 40. Be4 Kd6 41. Kg2 Re8 42. Ra2 Rxf5 43. Bxf5 e2 44. Ra1 e1Q 45. Rxe1 Rxe1 46. Bxh7 Kxd5 47. Bg8+ Ke5 48. Kf2 Re4 49. Rxe4+ Kxe4 50. Kg3 Kf5 51. Bc4 Bd2 52. h4 1/2-1/2

[Event "St Petersburg Botvinnik Memorial op"]
[Site "St Petersburg"]
[Date "2012.08.25"]
[Round "1"]
[White "Kovalenko, Igor"]
[Black "Pischikov, Vadim"]
[Result "1-0"]
[WhiteElo "2586"]
[BlackElo "2158"]
[PlyCount "95"]
[EventDate "2012.08.25"]
[EventType "swiss"]
[EventRounds "9"]
[EventCountry "RUS"]
[SourceTitle "CBM 150 Extra"]
[Source "ChessBase"]
[SourceDate "2012.10.19"]
[SourceVersion "1"]
[SourceVersionDate "2012.10.19"]
[SourceQuality "1"]

1. d4 d5 2. c4 dxc4 3. e3 e6 4. Bxc4 Nf6 5. Nf3 a6 6. 0-0 c5 7. dxc5 Qxd1 8. Rxd1 Bxc5 9. Be2 b6 10. Nc3 Nbd7 11. Bd2 Bb7 12. Rac1 Be7 13. Be1 Rd8 14. Nd2 Nc5 15. Nc4 Rxd1 16. Rxd1 Nfd7 17. f3 b5 18. Na5 Ba8 19. Nxb5 axb5 20. Bxb5 Kd8 21. b4 Kc7 22. bxc5 Nxc5 23. Nc4 Bd5 24. Bg3+ Kb7 25. Nd6+ Kb6 26. a4 Bb3 27. Rb1 Rd8 28. Nxf7 Rd1+ 29. Rxd1 Bxd1 30. Be5 g6 31. Bd4 Ka5 32. Kf2 Kb4 33. Bxc5+ Kxc5 34. Ne5 Bd6 35. Nd7+ Kb4 36. Nf6 h5 37. Be8 Bc2 38. g3 Be7 39. Ng8 Bd8 40. e4 g5 41. Nh6 h4 42. Kg2 Bd1 43. Bd7 h3+ 44. Kxh3 Bxf3 45. e5 Bc7 46. Nf7 Bd5 47. Kg4 Kc5 48. Kxg5 1-0

[Event "St Petersburg Spring op"]
[Site "St Petersburg"]
[Date "2012.03.30"]
[Round "9"]
[White "Shchukin, Dmitry"]
[Black "Pischikov, Vadim"]
[Result "1/2-1/2"]
[WhiteElo "2356"]
[BlackElo "2137"]
[PlyCount "66"]
[EventDate "2012.03.22"]
[EventType "swiss"]
[EventRounds "9"]
[EventCountry "RUS"]
[SourceTitle "EXT 2013"]
[Source "ChessBase"]
[SourceDate "2012.11.22"]
[SourceVersion "1"]
[SourceVersionDate "2012.11.22"]
[SourceQuality "1"]

1. d4 d5 2. c4 e6 3. Nc3 Nf6 4. cxd5 exd5 5. Bg5 Be7 6. e3 c6 7. Bd3 Nbd7 8. Qc2 0-0 9. Nge2 Re8 10. 0-0 Nf8 11. Bxf6 Bxf6 12. b4 a6 13. a4 g6 14. b5 Ne6 15. bxc6 bxc6 16. Rab1 a5 17. Rfd1 Bd7 18. Rb2 Rc8 19. Rb7 Be7 20. e4 Bb4 21. Qb3 Nc7 22. exd5 cxd5 23. Nb5 Bc6 24. Rxc7 Rxc7 25. Nxc7 Qxc7 26. g3 Qd7 27. Ra1 Kg7 28. Nf4 Rb8 29. Bf1 Bd6 30. Qf3 Rb4 31. Nxd5 Qe6 32. Bg2 Rxd4 33. Nf4 Bxf4 1/2-1/2

[Event "St Petersburg Spring op"]
[Site "St Petersburg"]
[Date "2012.03.28"]
[Round "7"]
[White "Pischikov, Vadim"]
[Black "Rumiantsev, Alex"]
[Result "1-0"]
[WhiteElo "2137"]
[BlackElo "1873"]
[PlyCount "77"]
[EventDate "2012.03.22"]
[EventType "swiss"]
[EventRounds "9"]
[EventCountry "RUS"]
[SourceTitle "EXT 2013"]
[Source "ChessBase"]
[SourceDate "2012.11.22"]
[SourceVersion "1"]
[SourceVersionDate "2012.11.22"]
[SourceQuality "1"]

1. d4 d5 2. c4 c6 3. Nf3 Nf6 4. Nc3 dxc4 5. a4 Bf5 6. Ne5 e6 7. Nxc4 Bb4 8. e3 Nbd7 9. Be2 0-0 10. 0-0 a5 11. Bf3 Qe7 12. Na2 Rfd8 13. Nxb4 Qxb4 14. Qe2 b5 15. axb5 Qxb5 16. Nd6 Qxe2 17. Bxe2 Ra7 18. Nxf5 exf5 19. f3 c5 20. Rd1 cxd4 21. Rxd4 g6 22. Bd2 Rda8 23. Rda4 Nc5 24. Rxa5 Rxa5 25. Rxa5 Rxa5 26. Bxa5 Nb3 27. Bd8 Nd7 28. Kf2 Kf8 29. Ke1 Ke8 30. Bc7 Ke7 31. Kd1 Nf6 32. Bc4 Nc5 33. Kc2 Ne6 34. Be5 Nd7 35. Bc3 h5 36. b4 g5 37. b5 Nb6 38. Bb3 Nc7 39. Ba5 1-0

[Event "St Petersburg Spring op"]
[Site "St Petersburg"]
[Date "2012.03.27"]
[Round "6"]
[White "Martynov, Pavel1111"]
[Black "Pischikov, Vadim"]
[Result "1-0"]
[WhiteElo "2278"]
[BlackElo "2137"]
[PlyCount "105"]
[EventDate "2012.03.22"]
[EventType "swiss"]
[EventRounds "9"]
[EventCountry "RUS"]
[SourceTitle "EXT 2013"]
[Source "ChessBase"]
[SourceDate "2012.11.22"]
[SourceVersion "1"]
[SourceVersionDate "2012.11.22"]
[SourceQuality "1"]

1. e4 e5 2. Nf3 Nc6 3. Bb5 Nf6 4. d3 Bc5 5. 0-0 Nd4 6. Nxd4 Bxd4 7. c3 Bb6 8. Nd2 0-0 9. Nc4 c6 10. Nxb6 Qxb6 11. Ba4 d5 12. Bc2 dxe4 13. dxe4 Rd8 14. Qf3 Bg4 15. Qg3 Bh5 16. Bg5 Bg6 17. b4 Qc7 18. f3 Rd7 19. Bb3 Kf8 20. Qf2 Ne8 21. Rad1 f6 22. Rxd7 Qxd7 23. Rd1 Qe7 24. Be3 b6 25. Qd2 Rc8 26. a4 Bf7 27. Bxf7 Kxf7 28. a5 c5 29. bxc5 bxc5 30. Qd5+ Kg6 31. c4 a6 32. g4 h6 33. Kf2 Kh7 34. Kg3 Qc7 35. Qd7 Qxd7 36. Rxd7 Rc6 37. Rd5 Nd6 38. Rxc5 Rxc5 39. Bxc5 Nxc4 40. Bb4 Kg6 41. h4 Nb2 42. h5+ Kf7 43. Kg2 g6 44. Kf1 gxh5 45. gxh5 f5 46. Ke2 f4 47. Bc3 Nc4 48. Kd3 Ne3 49. Bxe5 Ng2 50. Ke2 Ke6 51. Bd4 Kd6 52. Kf2 Nh4 53. Bf6 1-0

[Event "St Petersburg Spring op"]
[Site "St Petersburg"]
[Date "2012.03.24"]
[Round "3"]
[White "Bazeev, German"]
[Black "Pischikov, Vadim"]
[Result "1-0"]
[WhiteElo "2302"]
[BlackElo "2137"]
[PlyCount "96"]
[EventDate "2012.03.22"]
[EventType "swiss"]
[EventRounds "9"]
[EventCountry "RUS"]
[SourceTitle "EXT 2013"]
[Source "ChessBase"]
[SourceDate "2012.11.22"]
[SourceVersion "1"]
[SourceVersionDate "2012.11.22"]
[SourceQuality "1"]

1. d4 d5 2. Nf3 Nf6 3. c4 e6 4. g3 Be7 5. Bg2 0-0 6. 0-0 dxc4 7. Qc2 a6 8. Qxc4 b5 9. Qc2 Bb7 10. Bd2 Be4 11. Qc1 Bb7 12. Re1 Nbd7 13. Ba5 Bd6 14. Nbd2 Rc8 15. e4 e5 16. dxe5 Bxe5 17. Qc2 Qe7 18. Nxe5 Qxe5 19. Bc3 Qe7 20. a4 Rfd8 21. axb5 axb5 22. Ra7 Ba8 23. Nb3 c5 24. e5 Ng4 25. Bxa8 Rxa8 26. Rxa8 Rxa8 27. Qe4 Ra4 28. Qc6 Qe6 29. Qxb5 Qf5 30. f4 Re4 31. Rd1 Qh5 32. h4 Ngxe5 33. Rxd7 Nxd7 34. Qxd7 Qe2 35. Qd2 Qb5 36. Qd8+ Re8 37. Qg5 f6 38. Qd5+ Kh8 39. Nxc5 Qe2 40. Qd3 Qe7 41. Nb3 h5 42. Nd4 Rd8 43. Kh2 Qf7 44. f5 Rd5 45. Qf3 Rd7 46. Qa8+ Kh7 47. Ne6 Ra7 48. Qc8 g5 1-0

[Event "St Petersburg Spring op"]
[Site "St Petersburg"]
[Date "2012.03.23"]
[Round "2"]
[White "Pischikov, Vadim"]
[Black "Zhelobanov, Roman"]
[Result "1-0"]
[WhiteElo "2137"]
[BlackElo "1876"]
[PlyCount "93"]
[EventDate "2012.03.22"]
[EventType "swiss"]
[EventRounds "9"]
[EventCountry "RUS"]
[SourceTitle "EXT 2013"]
[Source "ChessBase"]
[SourceDate "2012.11.22"]
[SourceVersion "1"]
[SourceVersionDate "2012.11.22"]
[SourceQuality "1"]

1. d4 Nf6 2. c4 g6 3. Nc3 d6 4. e4 Bg7 5. Be2 0-0 6. Bg5 Nbd7 7. Nf3 e5 8. dxe5 dxe5 9. Qc2 c6 10. Rd1 Qc7 11. 0-0 h6 12. Be3 Re8 13. b4 Bf8 14. a3 Nh5 15. Qc1 Nf4 16. Ne1 Nf6 17. f3 Be6 18. g3 Nxe2+ 19. Nxe2 Red8 20. Nd3 b6 21. Qc3 Nd7 22. f4 Bg4 23. Rf2 Bg7 24. Qc1 exf4 25. Bxf4 Ne5 26. Nxe5 Rxd1+ 27. Qxd1 Bxe5 28. Bxh6 c5 29. Qc1 cxb4 30. axb4 Rc8 31. Qg5 Bxe2 32. Rxe2 Bd4+ 33. Kg2 Qxc4 34. Qg4 Be5 35. h4 Kh7 36. Bd2 Qe6 37. Qg5 Rc4 38. h5 Bg7 39. hxg6+ Qxg6 40. Qd5 Rd4 41. Qa8 Be5 42. Be1 Rd3 43. Kh1 Bxg3 44. Bxg3 Qxg3 45. Rh2+ Kg6 46. Qc6+ Kg7 47. Qh6+ 1-0

[Event "St Petersburg Spring op"]
[Site "St Petersburg"]
[Date "2011.03.29"]
[Round "7"]
[White "Pischikov, Vadim"]
[Black "Puzko, Danila"]
[Result "0-1"]
[WhiteElo "2114"]
[BlackElo "1967"]
[PlyCount "96"]
[EventDate "2011.03.23"]
[EventType "swiss"]
[EventRounds "9"]
[EventCountry "RUS"]
[SourceTitle "CBM 141 Extra"]
[Source "ChessBase"]
[SourceDate "2011.05.03"]
[SourceVersion "1"]
[SourceVersionDate "2011.05.03"]
[SourceQuality "1"]

1. d4 Nf6 2. c4 g6 3. Nc3 Bg7 4. e4 d6 5. Be2 0-0 6. Bg5 Na6 7. Qd2 e5 8. d5 Bd7 9. f3 Qe8 10. g4 Nc5 11. h4 a6 12. h5 b5 13. b4 Nb7 14. Bh6 bxc4 15. Nh3 a5 16. bxa5 Nc5 17. Bxg7 Kxg7 18. Ng5 h6 19. Nh3 Rh8 20. Kf2 Bxg4 21. hxg6 fxg6 22. Rag1 Bh5 23. Rg3 Qf7 24. Kg2 Kf8 25. Bxc4 Ke7 26. Nf2 g5 27. Rb1 Bg6 28. Ng4 Nfxe4 29. Qe1 Qf4 30. Ne2 Qf8 31. Rh3 h5 32. Ne3 g4 33. Qh4+ Qf6 34. fxg4 hxg4 35. Qxf6+ Nxf6 36. Rxh8 Rxh8 37. Rg1 Be4+ 38. Kf2 Bf3 39. Nf5+ Kf7 40. Nfg3 Bxd5 41. Bb5 c6 42. Nf5 cxb5 43. Nxd6+ Ke6 44. Nxb5 Nfe4+ 45. Ke1 Bc4 46. Na3 Bxe2 47. Kxe2 Rh2+ 48. Ke3 Rh3+ 0-1

[Event "St Petersburg Spring op"]
[Site "St Petersburg"]
[Date "2011.03.26"]
[Round "4"]
[White "Azimova, Karina"]
[Black "Pischikov, Vadim"]
[Result "1-0"]
[WhiteElo "2028"]
[BlackElo "2114"]
[PlyCount "71"]
[EventDate "2011.03.23"]
[EventType "swiss"]
[EventRounds "9"]
[EventCountry "RUS"]
[SourceTitle "CBM 141 Extra"]
[Source "ChessBase"]
[SourceDate "2011.05.03"]
[SourceVersion "1"]
[SourceVersionDate "2011.05.03"]
[SourceQuality "1"]

1. e4 c5 2. Nf3 e6 3. d4 cxd4 4. Nxd4 a6 5. c4 Qc7 6. Nc3 Nf6 7. Be3 d6 8. Be2 b6 9. 0-0 Bb7 10. f3 Be7 11. Rc1 0-0 12. Qc2 Nbd7 13. b3 Rac8 14. f4 Qb8 15. Bf3 Bd8 16. g4 b5 17. g5 Ne8 18. cxb5 Ba5 19. Qb2 Nc5 20. Qb1 Bxc3 21. Rxc3 axb5 22. b4 Na4 23. Rxc8 Qxc8 24. Nxb5 Qd7 25. Nd4 Nc7 26. Rc1 e5 27. Nf5 g6 28. Nh6+ Kg7 29. Bg4 Qe7 30. Qc2 Ne6 31. Bxe6 fxe6 32. fxe5 Qd7 33. exd6 e5 34. Qc7 Rd8 35. Qa5 Qxd6 36. Qc7+ 1-0

[Event "St Petersburg-ch sf"]
[Site "St Petersburg"]
[Date "2011.02.19"]
[Round "9"]
[White "Pischikov, Vadim"]
[Black "Golovankov, Vladimir"]
[Result "0-1"]
[WhiteElo "2092"]
[BlackElo "2329"]
[PlyCount "52"]
[EventDate "2011.02.11"]
[EventType "swiss"]
[EventRounds "9"]
[EventCountry "RUS"]
[SourceTitle "CBM 141 Extra"]
[Source "ChessBase"]
[SourceDate "2011.05.03"]
[SourceVersion "1"]
[SourceVersionDate "2011.05.03"]
[SourceQuality "1"]

1. d4 d6 2. c4 e5 3. Nf3 Nc6 4. d5 Nce7 5. e4 Nf6 6. Nc3 g6 7. h3 Bg7 8. Be3 0-0 9. Qd2 Nxe4 10. Nxe4 f5 11. Bh6 fxe4 12. Bxg7 Kxg7 13. Ng5 e3 14. Qxe3 Nf5 15. Qd2 Nd4 16. Bd3 Rf4 17. h4 h6 18. Ne4 Bf5 19. Ng3 Bxd3 20. Qxd3 Rxh4 21. 0-0-0 Qg5+ 22. Kb1 Rxh1 23. Rxh1 Rf8 24. Rh3 Rxf2 25. Ne4 Rxg2 26. Nc3 Rg1+ 0-1

[Event "St Petersburg-ch sf"]
[Site "St Petersburg"]
[Date "2011.02.17"]
[Round "7"]
[White "Pischikov, Vadim"]
[Black "Khakimov, Timur"]
[Result "1/2-1/2"]
[WhiteElo "2092"]
[BlackElo "2289"]
[PlyCount "73"]
[EventDate "2011.02.11"]
[EventType "swiss"]
[EventRounds "9"]
[EventCountry "RUS"]
[SourceTitle "CBM 141 Extra"]
[Source "ChessBase"]
[SourceDate "2011.05.03"]
[SourceVersion "1"]
[SourceVersionDate "2011.05.03"]
[SourceQuality "1"]

1. d4 c6 2. c4 d5 3. cxd5 cxd5 4. Nc3 Nf6 5. Bf4 Nc6 6. Nf3 a6 7. e3 Bg4 8. Be2 e6 9. h3 Bxf3 10. Bxf3 Bd6 11. Bxd6 Qxd6 12. 0-0 0-0 13. a3 Rfc8 14. Na4 Na5 15. Nc5 b6 16. Nd3 Nc4 17. Qe2 Ra7 18. Rfc1 Rac7 19. Rc2 Ne4 20. Bxe4 dxe4 21. Nb4 b5 22. Rac1 a5 23. Na2 Qd7 24. a4 Nd6 25. axb5 Qxb5 26. Rxc7 Rxc7 27. Qxb5 Nxb5 28. Rxc7 Nxc7 29. Nc3 f5 30. Kf1 Kf7 31. Ke2 Ke7 32. Kd2 Kd7 33. Kc2 Na6 34. Kb3 Kc6 35. f3 exf3 36. gxf3 Nb4 37. Kc4 1/2-1/2